000 00713na a2200241 4500
001 24292
003 MIRAKIL
005 20181213155333.0
008 180909b tu 000 0
020 _a9789752469327
040 _aMilas
_btur
_cTR-AnCHP
041 _atur
082 _a811.42
_bG95ö 2017
090 _a811.42 G95ö 2017
100 _aGüneş, Aslan
245 _aÖmür şiirleri
_bMutluluk ve üzüntülerin sızıntıları
_cAslan Güneş
246 _aMutluluk ve üzüntülerin sızıntıları
260 _aAnkara
_bMurat Kitabevi
_c2017
300 _a120 s.
_c19 sm.
650 _aTürk edebiyatı
_xŞiir
740 _aMutluluk ve üzüntülerin sızıntıları
942 _2ddc
_cBKS
999 _c10793
_d10793